000 00822nam a22002777a 4500
003 OSt
005 20260508124004.0
008 260508b |||||||| |||| 00| 0 aze d
040 _aAZ-XaKU
_baze
_cAZ-XaKU
041 _aaze
050 0 4 _aML410 ,G9516 R997 2021
100 1 _aQuliyeva, Leyla,
_d1986 - ,
_emüəllif
245 1 _aHəsən Rzayev
_c/ Leyla Quliyeva
264 _aBakı:
_bNəşriyyat Evi,
_c2021.
300 _a40 səhifə ;
_bşəkilli ;
_c16.5 sm.
336 _atext
_btxt
_2rdacontent
337 _aunmediated
_bn
_2rdamedia
338 _avolume
_bnc
_2rdacarrier
521 _aÜmumi oxucu kütləsi
600 _2AZ-XaKU
_aRzayev, Həsən,
_d1928 - 2000.
650 7 _2AZ-XaKU
655 _2Bioqrafiya
700 1 _aQafarova, Zemfira,
_eredaktor
942 _cBOOK
999 _c404
_d404